MARC details
| 000 -CABECERA |
| campo de control de longitud fija |
01920nam a22002897a 4500 |
| 008 - DATOS DE LONGITUD FIJA--INFORMACIÓN GENERAL |
| campo de control de longitud fija |
250528b |||||||| |||| 00| 0 eng d |
| 020 ## - NÚMERO INTERNACIONAL ESTÁNDAR DEL LIBRO |
| Número Internacional Estándar del Libro |
9780241636862 |
| 040 ## - FUENTE DE LA CATALOGACIÓN |
| Centro/agencia transcriptor |
tbs |
| 041 ## - CÓDIGO DE LENGUA |
| Código de lengua del texto/banda sonora o título independiente |
eng |
| 100 ## - ENTRADA PRINCIPAL--NOMBRE DE PERSONA |
| Nombre de persona |
Rai, Bali |
| 9 (RLIN) |
25361 |
| Término indicativo de función/relación |
author |
| 245 ## - MENCIÓN DE TÍTULO |
| Título |
(Un)arranged marriage |
| Mención de responsabilidad, etc. |
/ Bali Rai ; retold by Prakash Parmar ; illustrated by Alisha Monnin. |
| 260 ## - PUBLICACIÓN, DISTRIBUCIÓN, ETC. |
| Lugar de publicación, distribución, etc. |
London : |
| Nombre del editor, distribuidor, etc. |
Penguin Books, |
| Fecha de publicación, distribución, etc. |
2024. |
| 300 ## - DESCRIPCIÓN FÍSICA |
| Extensión |
96 pages : |
| Otras características físicas |
illustrations ; |
| Dimensiones |
20 cm. |
| 490 ## - MENCIÓN DE SERIE |
| Mención de serie |
Penguin readers |
| 505 ## - NOTA DE CONTENIDO CON FORMATO |
| Nota de contenido con formato |
(Un)arranged Marriage, a Level 5 Reader, is B1 in the CEFR framework. The text is made up of sentences with up to four clauses, introducing present perfect continuous, past perfect, reported speech and second conditional. It is well supported by illustrations, which appear regularly. <br/><br/>The eight levels of Penguin Readers follow the Common European Framework of Reference for language learning (CEFR). Exercises at the back of each Reader help language learners to practise grammar, vocabulary, and key exam skills. Before, during and after-reading questions test readers' story comprehension and develop vocabulary. |
| 520 ## - SUMARIO, ETC. |
| Sumario, etc. |
Manny lives in England with his strict Punjabi parents who are very traditional and want him to have an arranged marriage. There's just one problem: Manny definitely doesn't want an arranged marriage. With the help of his best friend, Ade, Manny makes a plan... |
| 650 #0 - PUNTO DE ACCESO ADICIONAL DE MATERIA--TÉRMINO DE MATERIA |
| Término de materia o nombre geográfico como elemento de entrada |
Arranged marriage |
| Subdivisión geográfica |
England |
| Subdivisión de forma |
Fiction |
| 9 (RLIN) |
25362 |
| 650 #0 - PUNTO DE ACCESO ADICIONAL DE MATERIA--TÉRMINO DE MATERIA |
| Término de materia o nombre geográfico como elemento de entrada |
East Indians |
| Subdivisión geográfica |
England |
| Subdivisión general |
Fiction |
| 9 (RLIN) |
25363 |
| 650 #0 - PUNTO DE ACCESO ADICIONAL DE MATERIA--TÉRMINO DE MATERIA |
| Término de materia o nombre geográfico como elemento de entrada |
Punjabis (South Asian people) |
| Subdivisión de forma |
Fiction |
| 9 (RLIN) |
25364 |
| 650 #0 - PUNTO DE ACCESO ADICIONAL DE MATERIA--TÉRMINO DE MATERIA |
| Término de materia o nombre geográfico como elemento de entrada |
English language |
| Subdivisión general |
Study and teaching |
| -- |
Foreign speakers |
| 9 (RLIN) |
11690 |
| 650 #0 - PUNTO DE ACCESO ADICIONAL DE MATERIA--TÉRMINO DE MATERIA |
| Término de materia o nombre geográfico como elemento de entrada |
English language |
| Subdivisión de forma |
Textbooks for foreign speakers |
| 9 (RLIN) |
6478 |
| 650 #0 - PUNTO DE ACCESO ADICIONAL DE MATERIA--TÉRMINO DE MATERIA |
| Término de materia o nombre geográfico como elemento de entrada |
English language |
| Subdivisión general |
Self-instruction |
| 9 (RLIN) |
25365 |
| 655 #0 - TÉRMINO DE INDIZACIÓN--GÉNERO/FORMA |
| Datos o término principal de género/forma |
Readers (Publications) |
| 9 (RLIN) |
25108 |
| 655 #0 - TÉRMINO DE INDIZACIÓN--GÉNERO/FORMA |
| Datos o término principal de género/forma |
Readers (Adult) |
| 9 (RLIN) |
22484 |
| 655 #0 - TÉRMINO DE INDIZACIÓN--GÉNERO/FORMA |
| Datos o término principal de género/forma |
High interest-low vocabulary books |
| 9 (RLIN) |
22485 |
| 942 ## - ELEMENTOS DE ENTRADA AGREGADA (KOHA) |
| Fuente del sistema de clasificación o colocación |
Clasificación de Library of Congress |